[Event "1.GRS Open"]
[Site "Ober-Ramstadt, Modauhalle"]
[Date "2024.07.27"]
[Round "2.51"]
[White "Saßmannshausen, Mark"]
[Black "Nguyen, Nam"]
[Result "1-0"]
[WhiteElo "1935"]
[BlackElo "1661"]
[PlyCount "79"]
[EventDate "2024.07.26"]
[WhiteTeam "SV Oberursel"]
[BlackTeam "SV 1920 Hofheim"]

1. e4 c5 2. d4 cxd4 3. c3 d6 4. cxd4 Nf6 5. Nc3 g6 6. Bg5 a6 7. e5 Nh5 8. Bc4 Ng7 9. Nf3 Qc7 10. Qe2 e6 11. Nd5 Qc6 12. Nf6+ Kd8 13. d5 Qa4 14. Ne4+ Be7 15. Nxd6 Rf8 16. Rd1 h6 17. Bxh6 Bxd6 18. dxe6 Qb4+ 19. Bd2 Qa4 20. e7+ Bxe7 21. b3 Qc6 22. Bh6+ Kc7 23. Bxg7 Bb4+ 24. Kf1 Re8 25. Bxf7 Re7 26. Bf6 Qxf6 27. exf6 Rxe2 28. Kxe2 Bf5 29. Rd4 Nc6 30. Rc1 Kb6 31. Rxc6+ Kxc6 32. Rxb4 Rf8 33. Bxg6 Bxg6 34. Ne5+ Kc5 35. Rc4+ Kd5 36. Rc5+ Kd6 37. Nxg6 Re8+ 38. Re5 Rxe5+ 39. Nxe5 Kxe5 40. f7 1-0

[Event "1.GRS Open"]
[Site "Ober-Ramstadt, Modauhalle"]
[Date "2024.07.27"]
[Round "2.52"]
[White "Dornreiter, Michael"]
[Black "Seehaus, Bernhard"]
[Result "0-1"]
[WhiteElo "1763"]
[BlackElo "1934"]
[PlyCount "64"]
[EventDate "2024.07.26"]
[WhiteTeam "SC Garching 1980 e.V."]
[BlackTeam "Schachforum Darmstadt 1994"]

1. d4 d6 2. Nc3 Nf6 3. h3 Nbd7 4. Nf3 e5 5. e4 Be7 6. Be3 O-O 7. Bc4 c6 8. a4 d5 9. exd5 cxd5 10. Nxd5 Nxd5 11. O-O Nxe3 12. fxe3 exd4 13. exd4 Nb6 14. Bd3 Nd5 15. c3 Ne3 16. Qd2 Nxf1 17. Rxf1 Be6 18. c4 f6 19. Qc2 f5 20. d5 Bf7 21. Bxf5 g6 22. Be4 Rc8 23. b3 Qd7 24. h4 Bxd5 25. Bxd5+ Qxd5 26. Qe2 Bc5+ 27. Kh1 Qf7 28. Qe4 Rce8 29. Qd3 Re3 30. Qd1 Qe6 31. Qd2 Rexf3 32. gxf3 Qh3+ 0-1

[Event "1.GRS Open"]
[Site "Ober-Ramstadt, Modauhalle"]
[Date "2024.07.27"]
[Round "2.53"]
[White "Roth, Benjamin"]
[Black "Kirchner, Stefan"]
[Result "0-1"]
[WhiteElo "1927"]
[BlackElo "1692"]
[PlyCount "118"]
[EventDate "2024.07.26"]
[WhiteTeam "Sabt Frankfurter TV 1860"]
[BlackTeam "SF Schöneck"]

1. e4 e6 2. d4 d5 3. Nc3 Nf6 4. e5 Nfd7 5. f4 c5 6. Nf3 Nc6 7. Be3 Qb6 8. Na4 Qa5+ 9. c3 cxd4 10. b4 Qc7 11. Bxd4 Nxd4 12. Qxd4 Be7 13. Be2 f6 14. O-O fxe5 15. fxe5 O-O 16. a3 a6 17. Rae1 b5 18. Nb2 Qb6 19. Qxb6 Nxb6 20. Nd4 Re8 21. Bg4 Bg5 22. g3 Bd2 23. Re2 Bxc3 24. Nf3 Bxb2 25. Rxb2 Nc4 26. Ra2 Ne3 27. Bh3 Nxf1 28. Bxf1 Rf8 29. Nd4 Bd7 30. Bh3 Kf7 31. Nb3 Ke7 32. Kg2 h5 33. Rf2 g5 34. Kf1 g4 35. Bg2 Rxf2+ 36. Kxf2 Rf8+ 37. Ke3 Rf5 38. Nc5 Bc8 39. Nd3 Bb7 40. Kd4 Bc8 41. Nf4 Rg5 42. Ke3 Bb7 43. Bf1 Rxe5+ 44. Kd3 Kf6 45. Be2 Kg5 46. Kd4 Re4+ 47. Kd3 Rxf4 48. gxf4+ Kxf4 49. Kd4 h4 50. Kc5 g3 51. hxg3+ hxg3 52. Kb6 g2 53. Ka5 g1=Q 54. a4 bxa4 55. b5 Qc1 56. Kb6 axb5 57. Bxb5 a3 58. Ka7 a2 59. Ba4 Qa3 0-1

[Event "1.GRS Open"]
[Site "Ober-Ramstadt, Modauhalle"]
[Date "2024.07.27"]
[Round "2.55"]
[White "Kais, Edgar"]
[Black "Keller, Konstantin"]
[Result "1/2-1/2"]
[WhiteElo "1921"]
[BlackElo "1687"]
[PlyCount "98"]
[EventDate "2024.07.26"]
[WhiteTeam "SC Nastätten e.V."]
[BlackTeam "SV 1920 Hofheim"]

1. Nf3 Nf6 2. g3 g6 3. Bg2 Bg7 4. O-O O-O 5. c4 d6 6. Nc3 e5 7. d3 Nc6 8. Rb1 a5 9. a3 Re8 10. b4 axb4 11. axb4 e4 12. Nxe4 Nxe4 13. dxe4 Rxe4 14. b5 Nd4 15. Nxd4 Rxd4 16. Qb3 Bf5 17. Bb2 Bxb1 18. Bxd4 Bxd4 19. Rxb1 Qf6 20. e3 Bb6 21. Bxb7 Ra1 22. Bd5 Rxb1+ 23. Qxb1 Kg7 24. Qe4 Qa1+ 25. Kg2 Qf6 26. h4 h5 27. Qe8 Qf5 28. Qe7 Kg8 29. Be4 Qe5 30. Qd8+ Kg7 31. Bd5 Qf6 32. Qe8 Qf5 33. Qe7 Kg8 34. Be4 Qe5 35. Qxe5 dxe5 36. Bd5 Kg7 37. Kf3 f5 38. Ke2 Kf6 39. Kd3 e4+ 40. Kc3 Ba5+ 41. Kd4 Be1 42. f4 exf3 43. Bxf3 Bxg3 44. c5 Bxh4 45. b6 cxb6 46. cxb6 Bg3 47. b7 h4 48. e4 fxe4 49. Kxe4 g5 1/2-1/2

[Event "1.GRS Open"]
[Site "Ober-Ramstadt, Modauhalle"]
[Date "2024.07.27"]
[Round "2.59"]
[White "Bahlo, Jens"]
[Black "Liu, Jonas"]
[Result "1-0"]
[WhiteElo "1905"]
[BlackElo "1519"]
[PlyCount "87"]
[EventDate "2024.07.26"]
[WhiteTeam "SK 1858 Gießen"]
[BlackTeam "SV Oberursel"]

1. e4 c5 2. d3 Nf6 3. f4 d6 4. Nf3 g6 5. Be2 Bg7 6. O-O O-O 7. c3 Nc6 8. Kh1 Bd7 9. Be3 b5 10. Nbd2 b4 11. Rb1 bxc3 12. bxc3 Ng4 13. Bg1 Bxc3 14. Qc2 Bg7 15. a3 Nf6 16. Nc4 Rc8 17. Qd2 Qc7 18. Qa2 Na5 19. e5 Nd5 20. Nxa5 Nc3 21. Qd2 Nxe2 22. Rb7 Ng3+ 23. hxg3 Qd8 24. Rfb1 Rc7 25. exd6 exd6 26. Nc4 Re8 27. Nxd6 Re6 28. Rb8 Bc8 29. Nxc8 Rxc8 30. Rxc8 Qxc8 31. Qa5 c4 32. dxc4 Ra6 33. Rb8 Rxa5 34. Rxc8+ Bf8 35. Ra8 Rh5+ 36. Nh2 Ra5 37. a4 Rxa4 38. c5 Kg7 39. Nf3 Ra1 40. Kh2 a5 41. Bd4+ Kg8 42. Bxa1 a4 43. Ne5 f6 44. Nd7 1-0

[Event "1.GRS Open"]
[Site "Ober-Ramstadt, Modauhalle"]
[Date "2024.07.27"]
[Round "2.62"]
[White "Hasenpflug, Till"]
[Black "Pabel, Ralph"]
[Result "1/2-1/2"]
[WhiteElo "1680"]
[BlackElo "1860"]
[PlyCount "80"]
[EventDate "2024.07.26"]
[WhiteTeam "SK Bad Homburg 1927"]
[BlackTeam "SK 1929 Mainaschaff"]

1. e4 c6 2. d4 d5 3. exd5 cxd5 4. Bd3 Nc6 5. c3 Nf6 6. Bf4 Bg4 7. Qb3 Qd7 8. Nd2 Nh5 9. Be3 g6 10. h3 Bf5 11. Bxf5 gxf5 12. Ne2 Rg8 13. g3 e6 14. Nf4 Nf6 15. Nd3 Na5 16. Qc2 b6 17. Ne5 Qc8 18. Qa4+ Nd7 19. Ndf3 f6 20. Nxd7 Qxd7 21. Qxd7+ Kxd7 22. Bf4 Nc4 23. O-O-O Nd6 24. Bxd6 Bxd6 25. Rhg1 h5 26. Kc2 Rac8 27. a3 b5 28. Kb3 a6 29. Kc2 Rc7 30. Ne1 h4 31. g4 Kc6 32. f3 Rcg7 33. Rd2 Bf4 34. Re2 Re7 35. Nd3 Bd6 36. Rge1 fxg4 37. fxg4 Kd7 38. Rf1 Rf7 39. Ne5+ Bxe5 40. Rxe5 fxe5 1/2-1/2

[Event "1.GRS Open"]
[Site "Ober-Ramstadt, Modauhalle"]
[Date "2024.07.27"]
[Round "2.63"]
[White "Hofmann, Marco"]
[Black "Schellen, Sven"]
[Result "0-1"]
[WhiteElo "1684"]
[BlackElo "1856"]
[PlyCount "110"]
[EventDate "2024.07.26"]
[WhiteTeam "VSG 1880 Offenbach"]
[BlackTeam "SV Frankfurt Nord 1926"]

1. e4 c6 2. d4 d5 3. exd5 cxd5 4. c4 Nf6 5. Nc3 Nc6 6. Bf4 Bg4 7. f3 Bf5 8. Bd3 Bxd3 9. Qxd3 dxc4 10. Qxc4 Qxd4 11. Qxd4 Nxd4 12. O-O-O Ne6 13. Nge2 g6 14. Kb1 Bg7 15. g4 O-O 16. h4 Rfd8 17. Be3 b6 18. h5 Rxd1+ 19. Rxd1 gxh5 20. g5 Ne8 21. Ng3 Bxc3 22. bxc3 f6 23. f4 fxg5 24. fxg5 N8g7 25. Rh1 Rd8 26. Kc2 Rd5 27. Nxh5 Nxg5 28. Nf4 Ra5 29. Kb2 e5 30. Nh5 e4 31. Nf6+ Kf7 32. Bxg5 Rxg5 33. Nxe4 Rg2+ 34. Kb3 Kg6 35. a4 Nf5 36. Rd1 h5 37. Rd2 Rxd2 38. Nxd2 Nd6 39. Nf3 Kf5 40. Kb4 a5+ 41. Kb3 Ke4 42. Nh4 Kd3 43. Ng6 Ke4 44. Kc2 Nf5 45. Kb3 h4 46. Nxh4 Nxh4 47. Kc4 Ng6 48. Kb5 Ne5 49. Kxb6 Nc4+ 50. Kb5 Kd3 51. Kc5 Kxc3 52. Kb5 Kd4 53. Kc6 Nd2 54. Kb5 Nb3 55. Kb6 Kc4 0-1

[Event "1.GRS Open"]
[Site "Ober-Ramstadt, Modauhalle"]
[Date "2024.07.27"]
[Round "2.65"]
[White "Gärtner, David"]
[Black "Himmelspacht, Maxim"]
[Result "0-1"]
[WhiteElo "1653"]
[BlackElo "1824"]
[PlyCount "78"]
[EventDate "2024.07.26"]
[WhiteTeam "Sfr.Mainz 1928"]
[BlackTeam "SK 1858 Gießen"]

1. d4 e6 2. c4 d5 3. Nf3 Nf6 4. g3 dxc4 5. Bg2 Bb4+ 6. Bd2 a5 7. Qc2 Bxd2+ 8. Nbxd2 b5 9. a4 c6 10. O-O O-O 11. Ne4 Nd5 12. Nc3 Qb6 13. Ng5 g6 14. e3 Rd8 15. Qe4 h6 16. Nf3 Ra7 17. Ne5 Kg7 18. h4 h5 19. Kh2 Nd7 20. f4 Ba6 21. Rh1 b4 22. Na2 c5 23. Rad1 cxd4 24. exd4 Nxe5 25. fxe5 Ne7 26. Rhf1 Nf5 27. Qf4 Rad7 28. d5 exd5 29. Rde1 Qd4 30. Qxd4 Nxd4 31. Bh3 Re7 32. Rf6 Bc8 33. Bg2 Be6 34. Rd1 Nf5 35. Rd2 Red7 36. Nc1 d4 37. Bc6 Rc7 38. Be4 Rc5 39. Ne2 Rxe5 0-1

[Event "1.GRS Open"]
[Site "Ober-Ramstadt, Modauhalle"]
[Date "2024.07.27"]
[Round "2.66"]
[White "Dick, Markus"]
[Black "Meyer-Jany, Marcel"]
[Result "0-1"]
[WhiteElo "1590"]
[BlackElo "1816"]
[PlyCount "72"]
[EventDate "2024.07.26"]
[WhiteTeam "SV 1934 Ffm-Griesheim"]
[BlackTeam "SK Herborn 1946"]

1. e4 c6 2. Nc3 d5 3. Qf3 dxe4 4. Nxe4 Nd7 5. d4 Ngf6 6. Bd3 Nxe4 7. Qxe4 Nf6 8. Qh4 e6 9. Nf3 Be7 10. c3 b6 11. O-O Bb7 12. Qg3 c5 13. Bb5+ Kf8 14. Bg5 Ne4 15. Bxe7+ Qxe7 16. Qf4 cxd4 17. cxd4 g5 18. Qe3 Rc8 19. Bd3 f5 20. Bxe4 Bxe4 21. Nxg5 Bd5 22. Rfe1 Rc6 23. Rac1 Rxc1 24. Rxc1 Qd6 25. a3 h6 26. Nh3 Ke7 27. Nf4 Rg8 28. Rc7+ Kd8 29. Nxd5 Qxd5 30. Rc8+ Kxc8 31. Qc3+ Kd7 32. f3 Rc8 33. Qd2 Rc4 34. Qxh6 Qxd4+ 35. Kf1 Rc2 36. Qh7+ Kd6 0-1

[Event "1.GRS Open"]
[Site "Ober-Ramstadt, Modauhalle"]
[Date "2024.07.27"]
[Round "2.78"]
[White "Münstermann, Matthias"]
[Black "Marinov, Alexander Valentin"]
[Result "0-1"]
[WhiteElo "1787"]
[BlackElo "1588"]
[PlyCount "50"]
[EventDate "2024.07.26"]
[WhiteTeam "SK Langen"]
[BlackTeam "SV 1920 Hofheim"]

1. d4 Nf6 2. c4 e6 3. Nc3 d5 4. Nf3 Be7 5. e3 O-O 6. Be2 b6 7. O-O Bb7 8. cxd5 Nxd5 9. Bd2 Nd7 10. Nxd5 Bxd5 11. Bc3 Nf6 12. Nd2 c5 13. dxc5 Bxc5 14. Bf3 Bxf3 15. Qxf3 Nd5 16. Ne4 Qe7 17. Nxc5 Nxc3 18. Ne4 Nd5 19. Rac1 Rac8 20. Qg3 Qb4 21. Rxc8 Rxc8 22. Nd6 Rd8 23. Nb7 Rd7 24. Qb8+ Qf8 25. Qxa7 Qc8 0-1

[Event "1.GRS Open"]
[Site "Ober-Ramstadt, Modauhalle"]
[Date "2024.07.27"]
[Round "2.79"]
[White "John, Volkmar"]
[Black "Rodriguez, Jose"]
[Result "1/2-1/2"]
[WhiteElo "1782"]
[BlackElo "1580"]
[PlyCount "94"]
[EventDate "2024.07.26"]
[WhiteTeam "SK Herborn 1946"]
[BlackTeam "Mosbacher SC von 1931"]

1. c4 e6 2. g3 Nf6 3. Bg2 d5 4. d4 dxc4 5. Qa4+ Nbd7 6. Nf3 c6 7. Qxc4 Bd6 8. O-O O-O 9. Qc2 Re8 10. Rd1 Qc7 11. Nbd2 Bf8 12. Nc4 Nd5 13. Bd2 f5 14. Rac1 N7f6 15. Nfe5 Bb4 16. a3 Bxd2 17. Nxd2 g6 18. e4 fxe4 19. Nxe4 Nxe4 20. Bxe4 Qg7 21. Qc5 Qf6 22. Rc2 Qe7 23. Qc4 Qg5 24. Qe2 Nf6 25. Nxc6 Nxe4 26. Qxe4 Bd7 27. Ne5 Ba4 28. f4 Qh5 29. g4 Qh6 30. Rdc1 Bxc2 31. Rxc2 Rac8 32. Rd2 Qh3 33. Qe1 Rf8 34. Rd3 Qh6 35. g5 Qg7 36. Qd2 Qc7 37. Rc3 Qe7 38. Ng4 Rxc3 39. Qxc3 Qd6 40. Nf6+ Kf7 41. Nxh7 Rd8 42. d5 Qxf4 43. dxe6+ Kxe6 44. Qb3+ Kf5 45. Qf7+ Kg4 46. Qe6+ Qf5 47. Qe2+ Qf3 1/2-1/2

[Event "1.GRS Open"]
[Site "Ober-Ramstadt, Modauhalle"]
[Date "2024.07.27"]
[Round "2.80"]
[White "Stecay, Anja Christina"]
[Black "Brauer, Julian"]
[Result "0-1"]
[WhiteElo "1550"]
[BlackElo "1770"]
[PlyCount "86"]
[EventDate "2024.07.26"]
[WhiteTeam "SF Neuberg"]
[BlackTeam "SC Herxheim"]

1. e4 Nf6 2. Nc3 d5 3. exd5 Nxd5 4. d4 g6 5. Nf3 Bg7 6. Bd2 O-O 7. Bc4 Nb6 8. Bb3 Bxd4 9. Nxd4 Qxd4 10. Be3 Qxd1+ 11. Rxd1 Nc6 12. O-O Bf5 13. a3 Na5 14. Rd2 Nbc4 15. Bxc4 Nxc4 16. Re2 Rad8 17. Nb5 a6 18. Nd4 Nxe3 19. fxe3 Be4 20. Ref2 Bd5 21. b3 c5 22. Nf3 Bxf3 23. Rxf3 Rd7 24. h3 h5 25. e4 e5 26. Rd3 Rfd8 27. Rfd1 Rd4 28. Rxd4 Rxd4 29. Rxd4 exd4 30. Kf2 Kf8 31. Kf3 Ke7 32. e5 g5 33. g3 Ke6 34. Ke4 a5 35. b4 cxb4 36. axb4 a4 37. Kxd4 a3 38. Kc3 Kxe5 39. Kb3 Kd4 40. c3+ Kd3 41. Kxa3 Kxc3 42. Ka4 Kc4 43. Ka5 b5 0-1

[Event "1.GRS Open"]
[Site "Ober-Ramstadt, Modauhalle"]
[Date "2024.07.27"]
[Round "2.82"]
[White "Rajagopalan,Srinivasan"]
[Black "Ferrer Ortega, Jesus Guillermo"]
[Result "0-1"]
[WhiteElo "1463"]
[BlackElo "1744"]
[PlyCount "132"]
[EventDate "2024.07.26"]
[WhiteTeam "Offenbach"]
[BlackTeam "SG Solingen"]

{[%evp 0,59,36,23,31,29,39,35,35,34,27,10,16,10,31,31,31,29,29,28,28,-298,24,-46,-47,-53,-2,-29,7,-34,-37,-62,-62,-55,-63,-66,-74,-91,-50,-87,-63,-112,-88,-89,-100,-101,-102,-112,-105,-105,-114,-111,-112,-164,-154,-153,-92,-141,-138,-175,-141,-141]} 1. e4 e6 2. d4 d5 3. Nc3 Bb4 4. e5 c5 5. a3 Bxc3+ 6. bxc3 Qa5 7. Bd2 Qa4 8. Qg4 Kf8 9. Nf3 Qxc2 10. Bb5 c4 11. Qg5 Ne7 12. O-O Qg6 13. Qe3 Nf5 14. Qe2 Bd7 15. Rab1 Bxb5 16. Rxb5 b6 17. Qd1 Nc6 18. Qa4 Na5 19. Rfb1 h6 20. Qc2 Kg8 21. R5b2 Nb3 22. Be1 Kh7 23. a4 Rhc8 24. g3 Kg8 25. Kg2 Rcb8 26. h4 Rf8 27. Kh3 Ne7 28. Qe2 Nc6 29. g4 Rad8 30. h5 Qh7 31. Kh4 g5+ 32. Kg3 Qg7 33. Nd2 Nba5 34. Nf3 f5 35. Nh2 f4+ 36. Kg2 Qh7 37. f3 Nb3 38. Nf1 Rc8 39. Nd2 Nca5 40. Nf1 Rc7 41. Nd2 Rfc8 42. Nf1 Kf7 43. Nd2 Nxd2 44. Bxd2 Nb3 45. Be1 Ke7 46. Qd1 Kd8 47. Qe2 Na5 48. Qd1 Nb3 49. Qe2 Ra8 50. Qd1 a6 51. Qe2 Rca7 52. Rxb3 cxb3 53. Rxb3 Rb7 54. Qb2 Rab8 55. Qe2 b5 56. a5 Rc8 57. Qb2 Rc4 58. Qe2 Rbc7 59. Kf1 Ra4 60. Rxb5 axb5 61. Qxb5 Rac4 62. Qb8+ Ke7 63. Qb2 Qd3+ 64. Kg2 Kf7 65. a6 Rxc3 66. Bxc3 Qxc3 0-1

[Event "1.GRS Open"]
[Site "Ober-Ramstadt, Modauhalle"]
[Date "2024.07.27"]
[Round "2.88"]
[White "Homfeldt, Maren"]
[Black "Schimanko, Oliver"]
[Result "0-1"]
[WhiteElo "1441"]
[BlackElo "1684"]
[PlyCount "46"]
[EventDate "2024.07.26"]
[WhiteTeam "SC Noris-Tarrasch Nürnberg 1873"]
[BlackTeam "SK 1924 Pfungstadt"]

1. g3 e5 2. Nc3 d5 3. d3 c6 4. e3 Nf6 5. Bg2 Bg4 6. Nge2 Qd7 7. d4 e4 8. a3 Bd6 9. b4 Bh3 10. Bxh3 Qxh3 11. Na4 b6 12. Bb2 Nbd7 13. Kd2 O-O 14. Qf1 Qf5 15. Nf4 c5 16. Qh3 Qxh3 17. Nxh3 cxb4 18. axb4 Bxb4+ 19. Nc3 Rfc8 20. Ng1 Nf8 21. h3 Ne6 22. f3 exf3 23. Nxf3 Ne4+ 0-1